Túžim po moci

Bibliographic Details
Main Authors: Hagyari, Pavol (Author), Ličkova, Eva (Author)
Format: Article
Language:Slovak
PhysicalDescription:Fotogr. 2
Subjects:

MARC

LEADER 00000nab a2200000 a 4500
001 vtls000520325
003 SK-MaSNL
005 20260303010619.0
008 160216c1994 xo 0 slo
015 |a SNBRB19rr/mm-uuuuu 
035 |a CL0520463 
040 |a SNKBUCL  |b slo  |c SNKBUCL  |e AACR2 
041 0 |a slo 
044 |a xo  |c SK 
080 |a 32-051  |2 1981 
080 |a 929 Hagyari, Pavol  |2 1981 
100 1 |a Hagyari, Pavol  |4 aut  |9 982893 
245 1 0 |a Túžim po moci  |c Pavol Hagyari, Eva Ličkova 
300 |b Fotogr. 2 
600 1 7 |a Hagyari, Pavel,  |d 1957-  |2 snkbucl  |9 988239 
655 7 |a články z novín a časopisov  |2 snkbucl  |9 267496 
700 1 |a Ličkova, Eva  |4 aut  |9 921915 
773 0 |t M Report  |g Roč. 8, č. 6 (1994), s. 22-23 
850 |a Slovenská národná knižnica v Martine  |a MTA001 
852 |a SNK  |b KIS3GCP 
958 |a BX 
958 |a RK 
992 |a RBX 
999 |c 1588024  |d 1589954